| 000 | 00718nam a2200205Ia 4500 | ||
|---|---|---|---|
| 005 | 20250508165924.0 | ||
| 008 | 008 250505s9999 xx 000 0 eng d | ||
| 037 | _aTextual | ||
| 040 |
_aFEDL _beng _cFEDL |
||
| 041 |
_aeng _2eng |
||
| 084 |
_a158, ROS _qFEDL |
||
| 100 |
_aRose Arnold M. Ed. _9134853 |
||
| 245 | 0 | _aMental health and mental disorder : A sociological approach | |
| 260 |
_aLondon, UK _bRoutledge and Kegan Paul Limited _c1956 |
||
| 300 | _axii,626p. | ||
| 490 | _aInternational library of sociology and social reconstruction | ||
| 546 | _aAcc. No. 91860 is gifted by HOD Namita Ranganathan in memory of Prof. Arvind Gaysu | ||
| 942 |
_cTEXL _h158, ROS |
||
| 999 |
_c1398200 _d1398200 |
||